| 000 | 00455nam a2200193Ia 4500 | ||
|---|---|---|---|
| 008 | 170918s9999 xx 000 0 und d | ||
| 020 | _a9780439385503 | ||
| 050 | _bS531ja 2001 | ||
| 100 | _aSharon, Robinson | ||
| 245 | _aJackie's nine / | ||
| 245 | _cby Sharon Robinson. | ||
| 260 | _aNew York : | ||
| 260 | _bScholastic, | ||
| 260 | _c2001 | ||
| 300 | _a181 pages : | ||
| 300 | _bcolor illustrations ; | ||
| 300 | _c23 cm. | ||
| 500 | _a1040 | ||
| 999 |
_c344172 _d344172 |
||